MARC

LEADER 00000nam0a2200000 4500
001 290662
005 20231102000318.0
035 |a (RuTPU)RU\TPU\book\315216 
090 |a 290662 
100 |a 20150408d1983 km y0rusy50 ca 
101 0 |a rus 
102 |a RU 
105 |a a z 000zy 
200 0 |a Аэродинамика самолета Ил-76Т  |f И. С. Васин, В. И. Егоров, Г. Г. Муравьев  |g под ред. Г. В. Новожилова 
210 |a Москва  |c Транспорт  |d 1983 
215 |a 165 с.  |c ил. 
606 1 |a Самолеты пассажирские реактивные ТУ-154, ТУ-134, ТУ-154А, Ту-154Б, Ил76Т, ТУ-104, Ил-62М, ЯК18, ЯК-40  |x Аэродинамика  |2 stltpush  |3 (RuTPU)RU\TPU\subj\53715  |9 71882 
610 1 |a летные характеристики 
610 1 |a устойчивость 
610 1 |a управляемость 
610 1 |a летная эксплуатация 
675 |a 629.735  |v 4 
700 1 |a Васин  |b И. С.  |g Игорь Сергеевич 
701 1 |a Егоров  |b В. И.  |g Владимир Иванович 
701 1 |a Муравьев  |b Г. Г.  |g Гелий Георгиевич 
702 1 |a Новожилов  |b Г. В.  |4 340 
801 1 |a RU  |b 63413507  |c 20140508 
801 2 |a RU  |b 63413507  |c 20170712  |g RCR 
942 |c BK